Top 10 Brooklyn Nets NBA Starters - Statistics

General Stats
  • This quiz has been taken 262 times
  • The average score is 13 of 29
Answer Stats
Team Player % Correct
2001-02, 2002-03, 2003-04, 2005-06, 2006-07 Jason Kidd
95%
2020-21 Kyrie Irving
95%
2020-21 Kevin Durant
93%
2020-21 James Harden
88%
2012-13 Brook Lopez
83%
1982-83, 1983-84 Buck Williams
79%
2012-13, 2013-14 Deron Williams
78%
2012-13, 2013-14 Joe Johnson
69%
2005-06, 2006-07 Vince Carter
69%
2002-03, 2003-04, 2005-06, 2006-07 Richard Jefferson
65%
2001-02, 2002-03, 2003-04 Kenyon Martin
58%
2013-14 Kevin Garnett
58%
2013-14 Paul Pierce
57%
2020-21 Joe Harris
56%
2020-21 DeAndre Jordan
51%
2001-02, 2002-03, 2003-04 Kerry Kittles
40%
2001-02 Keith Van Horn
36%
2002-03, 2003-04, 2005-06, 2006-07 Jason Collins
26%
1982-83, 1983-84 Albert King
19%
1983-84 Micheal Ray Richardson
17%
2001-02 Todd MacCulloch
15%
2012-13 Gerald Wallace
13%
1982-83, 1983-84 Otis Birdsong
9%
2012-13 Reggie Evans
6%
2013-14 Shaun Livingston
6%
2005-06 Nenad Krstić
5%
2006-07 Mikki Moore
4%
1982-83, 1983-84 Darryl Dawkins
3%
1982-83 Darwin Cook
0%
No matching quizzes found
Score Distribution
Percent of People with Each Score
Percentile by Number Answered
Your Score History
You have not taken this quiz